000 00290nam a22001337a 4500
008 170731b xxu||||| |||| 00| 0 eng d
020 _a354066050-X
041 _aeng
080 _a004
100 _a32
101 _aSHK
245 _aCOMPUTATIONAL INTELLIGENCE
_cGOOS,G
942 _2udc
_cBK
999 _c22271
_d22271